| 000 | 00709nam a2200205 4500 | ||
|---|---|---|---|
| 999 |
_c19332 _d19332 |
||
| 008 | 240223b ||||| |||| 00| 0 eng d | ||
| 020 | _a978-1-119-85495-1 | ||
| 082 |
_22022 _aDC 635.934422 _bF939 |
||
| 100 |
_aFrownie, Steven A., author _953220 |
||
| 245 |
_aOrchids for dummies / _cSteven A. Frowine and the National Gardening Association |
||
| 250 | _aSecond Edition | ||
| 260 |
_aHoboken, NJ : _bJohn Wiley & Sons, _c©2022. |
||
| 300 |
_axiv, 311 pages : _billustrations (some color), _c10cm. |
||
| 500 | _aIncludes index. | ||
| 650 |
_aOrchid culture. _953221 |
||
| 650 |
_aOrchids. _953222 |
||
| 710 |
_aNational Gardening Association (U.S.) _953223 |
||
| 365 |
_b2,333.00 _cPhp |
||
| 942 |
_2ddc _cDC |
||